000
00282nam a2200121Ia 4500
100
_a
Jain/S.K & prasad D
942
_c
BK
654
_a
circuit analysis
245
_a
Circuit theory & network analysis
260
_b
C.B.S Publishers
_a
Delhi
_c
1987
546
_a
ENGLISH
999
_c
22059
_d
22059